[Event "Samba Cup 2nd"]
[Site "Skanderborg"]
[Date "2005.10.22"]
[Round "8"]
[White "Nisipeanu, Liviu Dieter"]
[Black "Carlsen, Magnus"]
[Result "1/2-1/2"]
[WhiteElo "2707"]
[BlackElo "2570"]
[PlyCount "59"]
[EventDate "2005.10.14"]
[EventType "tourn"]
[EventRounds "9"]
[EventCountry "DEN"]
[EventCategory "16"]
[SourceTitle "CBM 110"]
[Source "ChessBase"]
[SourceDate "2006.01.31"]
[SourceVersion "1"]
[SourceVersionDate "2006.01.31"]
[SourceQuality "1"]

1. e4 {Manor,Ilan} c5 2. Nf3 e6 3. d4 cxd4 4. Nxd4 Nf6 5. Nc3 Nc6 6. Ndb5 d6 7. Bf4 e5 8. Bg5 a6 9. Na3 b5 10. Nd5 Be7 11. Bxf6 Bxf6 12. c3 Bg5 13. Nc2 O-O 14. a4 bxa4 15. Rxa4 a5 16. Bc4 Rb8 17. b3 ({RR} 17. Ra2 Kh8 18. Nce3 g6 19. h4 Bxh4 20. g3 Bg5 21. f4 exf4 22. gxf4 Bh4+ 23. Kf1 f5 24. b3 fxe4 25. Rah2 g5 26. Ng2) 17... g6 18. O-O Kh8 19. b4 ({RR} 19. Ra1 Bh6 20. Qd3 f5 21. f3 Be6 22. Rad1 Ne7 23. Nce3 {½-½ (23) Ehlvest,J (2610)-Lautier,J (2645) Tallinn/Parnu 1998 CBM 066 [Manor,Ilan]} ({RR} 23. Nxe7 Qxe7 24. Bxe6 ({RR} 24. Qxd6 Qxd6 25. Rxd6 Bxc4 26. bxc4 Rb2 27. Ne1 ({RR} 27. Na3 Be3+ 28. Kh1 Bc5) 27... Be3+ 28. Kh1 fxe4) 24... Qxe6 25. c4 ({RR} 25. Na1))) ({RR} 19. Qe2 Bd7 20. Ra2 f5 21. Rfa1 Bh6 22. b4 axb4 23. Ncxb4) ({RR} 19. Qd3 Bd7 20. Raa1 f5 21. Rfd1 Bh6 22. Nde3 Rf6 23. f3 Ne7 24. Kh1 Bf4 25. b4 a4 26. Nd5 Nxd5 27. Bxd5 Qf8) ({RR} 19. Kh1 f5 20. exf5 Bxf5 21. Nce3 Be6 22. Qd3 Ne7 23. Nxe7 Qxe7 24. Rxa5 Bxe3 25. Qxe3 Bxc4 26. bxc4 Qc7) ({RR} 19. Nde3 f5 20. exf5 gxf5 21. Bd5 Bd7 22. Ra3 Ne7 23. Nc4 Nxd5 24. Qxd5 Rb5 25. Qd3 Be6 26. Rd1 Rd5 27. Qe2 Rxd1+ 28. Qxd1 Bxc4 29. bxc4 Qc7 30. Qd5 Rc8 31. Rxa5 Qxc4 32. g3 Qxd5 33. Rxd5 Rxc3 {Jimenez Salas,M (2249)-Skliarov,V (2334) chess.com INT 2025 1-0 (48)}) 19... Bd7 20. b5 ({RR} 20. Qa1 Qc8 21. Bd3 axb4 22. cxb4 Be6 23. b5 Bxd5 24. exd5 Ne7 25. Nb4 Rb7 26. Rd1 Kg7 27. Bf1 Qc5) 20... Na7 21. Qa1 Qc8 $146 ({RR} 21... Bxb5 22. Bxb5 Rxb5 23. Na3 Rc5 24. Nc4 Nc6 25. Rb1 f5 26. f3 fxe4 27. fxe4 Ne7 28. Ncb6 Nxd5 29. Nxd5 {½-½ (28) Brajic,M-Stojanovic,A (2101) Obrenovac 2002}) ({RR} 21... Nxb5 22. Rxa5 f5 23. exf5 Qc8 24. Nce3 gxf5 25. Bxb5 Rxb5 26. Rxb5 Bxb5 27. c4 Bxe3 28. cxb5 Bd4 29. Qb1 Qb7 30. Qb3 f4 31. Rc1 Rg8 32. Kh1 Bxf2 33. Rc7 Rc8 34. b6 Rxc7 35. bxc7 Qxb3 36. c8=Q+ {Ibrahimov,R (2527)-Shalamberidze,A (2402) Rustavi 2014 1-0 (45)}) 22. Bd3 Nxb5 23. Rxa5 Nc7 24. Nxc7 Qxc7 25. Nb4 Qd8 26. Bc4 Ra8 27. Ra7 Qc8 28. Rxa8 Qxa8 29. Qd1 Qb8 30. Qd3 1/2-1/2

[Event "NOR-ch playoff"]
[Site "Oslo"]
[Date "2005.11.08"]
[Round "2"]
[White "Carlsen, Magnus"]
[Black "Agdestein, Simen"]
[Result "1-0"]
[WhiteElo "2570"]
[BlackElo "2582"]
[PlyCount "63"]
[EventDate "2005.11.07"]
[EventType "match"]
[EventRounds "2"]
[EventCountry "NOR"]
[SourceTitle "EXT 2006"]
[Source "ChessBase"]
[SourceDate "2005.11.24"]
[SourceVersion "1"]
[SourceVersionDate "2005.11.24"]
[SourceQuality "1"]

1. e4 {Bologan,Viktor} e5 2. Nf3 Nc6 3. Bb5 a6 4. Ba4 Nf6 5. O-O Nxe4 6. d4 b5 7. Bb3 d5 8. dxe5 Be6 9. Nbd2 Nc5 10. c3 d4 11. Bxe6 Nxe6 12. cxd4 Ncxd4 13. a4 Be7 14. Nxd4 Qxd4 ({RR} 14... Nxd4 15. axb5 ({RR} 15. Ne4 O-O ({RR} 15... Ne6 16. Be3 O-O 17. f4 Qxd1 18. Rfxd1 Rfb8 19. Rd7 Bf8 20. f5) 16. axb5 Nxb5 17. Be3 Qc8 18. Qc2 ({RR} 18. Qd5 Rd8 19. Qc6 Qf5 20. f4 h5 21. h3 Rab8 22. Rfd1) 18... Qe6 19. f4 f6 ({RR} 19... Rad8 20. Ra4 Rd7 21. Rfa1 Qd5 22. h3) 20. exf6 Bxf6 21. f5 Qe5 22. Bc5) 15... Nxb5 16. Qg4 ({RR} 16. Qc2 O-O 17. Nf3 Nd4 18. Nxd4 Qxd4 19. Qxc7 Bb4 20. e6 fxe6 21. Qc6 Qd6 22. Qe4 Bc5 23. Be3 Bxe3) 16... O-O 17. Nf3 Qc8 18. Qg3 Qe6 19. Ra4 f5 20. Bg5 Rfe8 21. Bxe7 Rxe7 22. Ng5 Qd5 23. Nxh7 Qxe5 24. Qf3 Rd8 25. Ng5) 15. axb5 Qxe5 16. bxa6 O-O 17. Nf3 ({RR} 17. Qa4 Nc5 ({RR} 17... Rfb8 18. a7 ({RR} 18. Nf3 Qb5 19. a7 Rb7 20. Qxb5 Rxb5 21. Be3 Bf6 22. Ra2 Kf8 23. Nd2 Bd4 24. Nc4 Rb7 25. Rfa1 Bxe3 26. fxe3) 18... Rb7 19. Nf3 Qd5 20. Be3 Bc5 21. Rad1 Qb3 22. Qxb3 Rxb3 23. Bxc5 Nxc5 24. Nd4 Rb7 25. Nc6) 18. Qc4 Rfb8 19. Ra5 Qd6 20. Ne4 Nxe4 21. Qxe4 Qb4 22. Qxb4 Bxb4 23. Ra4 Rb6 24. a7 Bc5 25. Rd1 h6 ({RR} 25... Rb7 26. Be3 Bxe3 27. fxe3 Kf8 28. Rda1 Rxb2) 26. b4 Rxb4 ({RR} 26... Bxb4 27. Be3 c5 28. Rd7 ({RR} 28. Bf4 Rb7 29. Bb8) 28... Bd2 29. Kf1 Bxe3 30. fxe3) 27. Rxb4 Bxb4 28. Be3 Kf8 ({RR} 28... c5 29. Rd7 c4 30. Bb6) ({RR} 28... Ba5 29. Rd7) 29. Rb1 {1-0 (29) Topalov,V (2700)-Kortschnoj,V (2645) Madrid 1996 CBM 053 [Bologan,Viktor]}) ({RR} 17. Qg4 Qb5 18. Qc4 Rfb8 19. Ra2 Ra7 20. Rd1 Qxc4 21. Nxc4 Rba8 22. Be3 Rxa6 23. Rxa6) ({RR} 17. Re1 Qb5 18. Qa4 Qxa4 19. Rxa4 Nc5 20. Ra3 Ne6 21. Ra1 Ra7 22. Nf3) 17... Qb5 18. a7 $146 ({RR} 18. Qa4 Qxa4 19. Rxa4 Nc5 20. Ra5 ({RR} 20. Rc4 Rxa6 21. Nd4 Ra4 22. Rxa4 Nxa4 23. b3 Nb6 24. Nb5 Nd5 25. Rd1 Rd8 26. Ba3 Nf4 27. Rxd8+ Bxd8 28. Kf1 Ne6) 20... Rxa6 21. Rxa6 Nxa6 22. Bd2 Bf6 23. Bc3 Bxc3 24. bxc3 {½-½ (24) Psakhis,L (2500)-Dolmatov,S (2545) Frunze 1981}) ({RR} 18. Qa4 Qxa4 19. Rxa4 Nc5 20. Ra5 Rxa6) ({RR} 18. Qa4 Qxa4 19. Rxa4 Nc5 20. Ra5 Rxa6 21. Rxa6 Nxa6 22. Be3 Bf6 23. Bd4 Bxd4 24. Nxd4 Rb8 25. Rb1 g6 26. Kf1 Nc5 27. Rc1 Nd3 28. Rxc7 Rxb2 29. Rc2 Rb4 30. Nc6 Rb1+ 31. Ke2 Ne1 32. Rc4 Nxg2 {De Melo,J-De Siqueira,L (2011) Florianopolis BRA 2023 0-1 (83)}) ({RR} 18. Qa4 Qxa4 19. Rxa4 Nc5 20. Rc4 Rxa6 21. Nd4 Ra4 22. Rxa4 Nxa4 23. b3 Nb6 24. Nb5 Nd5 25. Rd1 Rd8 26. Ba3 Nf4 27. Rxd8+ Bxd8 28. Kf1 Ne6 {½-½ (28) Adams,M (2655)-Sokolov,I (2645) Leon 1995}) 18... Bc5 19. Be3 Bxe3 20. fxe3 Qb6 21. Qa4 Qxe3+ 22. Kh1 Rfd8 23. Rfe1 Qb6 24. Ne5 c5 25. Rf1 Rd4 26. Qa2 Qc7 27. Nxf7 c4 28. Qa6 Nc5 29. Qa5 Rd7 30. Qb5 Nb3 31. Ne5 Re7 32. Qd5+ 1-0

[Event "FIDE World Cup"]
[Site "Khanty-Mansiysk"]
[Date "2005.11.30"]
[Round "2.1"]
[White "Carlsen, Magnus"]
[Black "Amonatov, Farrukh"]
[Result "1-0"]
[WhiteElo "2570"]
[BlackElo "2572"]
[Annotator "Ftacnik,Lubomir"]
[PlyCount "71"]
[EventDate "2005.11.27"]
[EventType "k.o."]
[EventRounds "7"]
[EventCountry "RUS"]
[SourceTitle "CBM 111"]
[Source "ChessBase"]
[SourceDate "2006.04.04"]
[SourceVersion "1"]
[SourceVersionDate "2006.04.04"]
[SourceQuality "1"]

1. e4 c5 2. Nf3 d6 3. d4 cxd4 4. Nxd4 Nf6 5. Nc3 a6 6. Be3 e5 7. Nf3 Qc7 8. a4 b6 9. Nd5 Nxd5 10. Qxd5 Nc6 11. Ng5 Rb8 12. Bc4 {Carlsen is obviously working on chess in a great depth. In the given position he comes up with a radical attack against the weakness f7.} (12. c3 Nd8 13. Qd1 h6 14. Nf3 Be7 15. Bd3 Qc6 16. Qe2 b5 17. axb5 axb5 18. Nd2 Ne6 19. Ra5 Bd7 20. O-O O-O {½-½ Piuva,M-Valkesalmi,K/Finland 1980/ (54)}) 12... Nd8 13. Qd3 h6 ({RR} 13... Be7 14. O-O O-O 15. c3 h6 16. Nf3 a5 17. Nd2 Be6 18. f4 exf4 19. Bxf4 Nc6 20. Bxe6 fxe6 21. Qc4 Qd7 22. Rad1 d5 23. exd5 exd5 24. Qd3 Bc5+ 25. Kh1 Rbe8 26. Nb3 Ne5 27. Qg3 Ng4 28. Nxc5 {Zheng,H (2210)-Gormally,D (2428) San Vicente ESP 2025 0-1 (40)}) 14. Nf3 Ra8 {Amonatov has played the first independent move, but it doesn't make a healthy impression. The tragedy for black is a poor coordination of pieces and rather slow development.} (14... Qb7 15. O-O Be7 16. Ra3 O-O 17. Rb3 Qc6 18. Ra1 Ne6 19. Bxa6 Bxa6 20. Qxa6 Qxc2 21. Rxb6 Rbc8 22. h3 Qxe4 23. Qb7 Qxb7 24. Rxb7 Rc7 25. Rxc7 Nxc7 26. b4 {1-0 Zieher,H-Schubert,C/Germany 1981/GER-chT (43)}) 15. Nd2 Ne6 $146 (15... Be7 16. Bd5 Bb7 17. a5 b5 18. c4 $16) ({RR} 15... Be7 16. O-O O-O 17. Bd5 Rb8 18. Ra3 Ne6 19. Rc3 Qd8 20. b4 Bg5 21. Nc4 Bxe3 22. fxe3 a5 23. b5 Nc5 24. Qd2 Kh8 25. Bc6 Be6 26. Nxd6 Qc7 27. Nf5 Nxa4 28. Ra3 Nc5 29. Qf2 Rbd8 30. Qg3 {Flores Cubas,M (2141)-Diaz Ordonez,C (2259) Medellin 2007 0-1 (83)}) 16. Bd5 Rb8 (16... Bb7 17. O-O Bxd5 18. exd5 Nc5 19. Qc4 $16) 17. Qc4 Nc5 $6 {The logical move, that finally develops the knight to promissing square fails to the immediate tactical trick. The defender was poorly prepared for the direct contact of the pieces.} (17... Qxc4 18. Nxc4 Nf4 (18... b5 19. axb5 axb5 20. Ba7 $18) 19. Bxb6 Nxg2+ 20. Kd2 $16) 18. b4 $1 b5 $8 19. axb5 axb5 20. Qc3 Ne6 21. Qxc7 Nxc7 22. Ba7 Nxd5 (22... Rb7 23. Bc6+ Kd8 24. c3 $18) 23. Bxb8 Nxb4 24. O-O $1 {The young Norwegian has won an exchange for the pawn. His development advantage contributes to the rush cracking of the enemy's resistance.} Nc6 (24... Nxc2 $2 25. Rac1 $18) 25. Rfb1 Be7 (25... Nxb8 26. Ra8 Nc6 27. Rxc8+ Kd7 28. Ra8 b4 29. Nc4 $18) (25... b4 26. Nc4 Kd7 27. Nb6+ Kd8 28. Ba7 Be6 29. Nd5 $18) 26. Rxb5 O-O 27. Nc4 $1 {The tactical tit for tat is the quickest way to realize the huge advantage.} Be6 (27... Nxb8 28. Rxb8 Be6 29. Rxf8+ Bxf8 30. Ne3 $18) 28. Bxd6 Bxc4 (28... Bxd6 29. Nxd6 Rd8 30. Nb7 $18) 29. Rc5 Rc8 (29... Bxd6 30. Rxc6 $18) 30. Rxc4 Bxd6 31. Ra6 $18 Rb8 (31... Ne7 32. Rxc8+ Nxc8 33. Ra8 $18) 32. g3 Nd4 33. Rxd6 Rb1+ 34. Kg2 Rb2 35. c3 Nc2 36. Kf1 1-0

[Event "FIDE World Cup"]
[Site "Khanty-Mansiysk"]
[Date "2005.12.01"]
[Round "2.2"]
[White "Amonatov, Farrukh"]
[Black "Carlsen, Magnus"]
[Result "1/2-1/2"]
[WhiteElo "2572"]
[BlackElo "2570"]
[Annotator "Lukacs,Peter"]
[PlyCount "47"]
[EventDate "2005.11.27"]
[EventType "k.o."]
[EventRounds "7"]
[EventCountry "RUS"]
[SourceTitle "CBM 111"]
[Source "ChessBase"]
[SourceDate "2006.04.04"]
[SourceVersion "1"]
[SourceVersionDate "2006.04.04"]
[SourceQuality "1"]

1. e4 c6 2. d4 d5 3. e5 Bf5 4. Nc3 e6 5. g4 Bg6 6. Nge2 c5 7. Be3 cxd4 (7... Nc6 {- Zambrana-Leitao, Santiago 2004 CBM 100}) 8. Nxd4 Bb4 (8... h5 $6 {Black has completely forgotten about the importance of development.} 9. f4 $1 { f5} hxg4 (9... Ne7 10. f5 $1 exf5 11. Ndb5 $1 {and Black is on the verge of collapse.} Nec6 12. Nxd5 Na6 13. Qd2 fxg4 14. O-O-O Qc8 15. Nd6+ Bxd6 16. exd6 O-O 17. d7 $16 {Cu.Hansen-K.Berg, Esbjerg 1981}) 10. f5 $1 {This is the beginning of the breakthrough in the .} exf5 11. Bb5+ Nd7 12. e6 $1 fxe6 13. Nxe6 Qh4+ 14. Bf2 Qe7 15. O-O Ngf6 16. Nxd5 Nxd5 17. Qxd5 Qd6 18. Qg2 $16 {Hetey-Aarland, Aarhus 1993}) (8... Nd7 $6 9. f4 $14) (8... Ne7 9. f4 a6 10. f5 $5 {is crucial here, for example:} (10. Bh3 { f5} Nec6 { h4} 11. O-O Nxd4 12. Bxd4 Nc6 (12... h5 $6 {is again met by the devastating} 13. f5 $1 hxg4 14. fxg6 gxh3 15. Ne4 Qh4 16. Qf3 $18 {A.David-Piankov, France 1997}) 13. f5 (13. Bf2 h5 14. f5 Bh7 $13) 13... exf5 14. gxf5 Qg5+ 15. Kh1 Bh5 16. Qd3 Nb4 $1 $13) 10... exf5 11. Qe2 $5 Nbc6 (11... fxg4 12. O-O-O $19) 12. O-O-O Nxd4 (12... fxg4 13. Bg2 $44) 13. Rxd4 fxg4 14. Bg2 Rc8 15. Rhd1 Qc7 16. R1d2 Bf5 17. Bxd5 Nc6 18. Rf4 Qxe5 {(Ziatdinov-Savon, Tashkent 1985)} (18... g6 19. Ne4 $16) 19. Bb6 $1 $16) (8... Nc6 9. f4 (9. Bb5 Nge7 10. f4 a6 11. Ba4 Qc7 12. O-O O-O-O 13. Bxc6 Nxc6 14. Nxc6 Qxc6 15. Qd4 Be7 16. Ne2 (16. f5 $6 {is premature because of} exf5 17. gxf5 Bxf5 18. Rxf5 Qg6+ 19. Rg5 Bxg5 20. Qg4+ Kb8 21. Qxg5 d4 $17) (16. Rad1 $5) 16... h5 17. f5 (17. g5 {gives up all the light squares.} h4) 17... exf5 18. gxf5 Bxf5 $1 19. Rxf5 Qg6+ 20. Ng3 h4 21. Rf3 {½:½ Van der Wiel-Scheeren, Amsterdam Drachten 1982}) 9... Bb4 (9... Nxd4 10. Bxd4 Ne7 11. Bb5+ Nc6 12. O-O {(Wittmann-A.Ward, Oxford 1998)} Bb4 $5 13. a3 Ba5 $13) 10. a3 Bxc3+ 11. bxc3 Be4 12. Rg1 Nge7 13. Bd3 O-O 14. Bxe4 dxe4 15. Nxc6 Nxc6 16. Qxd8 Rfxd8 {White's  structure is not very impressive in the .} 17. Ke2 Ne7 18. Bd4 Nd5 19. f5 Rac8 $11 {Herbrechtsmeier-Chandler, GER-chT 1982}) 9. Qd2 (9. Bb5+ Nd7 10. f4 Qh4+ (10... Rc8 11. O-O $1 {White can bravely sacrifice the .} Bxc3 12. bxc3 Be4 (12... Rxc3 13. Qd2 $16) (12... a6 13. Bxd7+ Qxd7 14. f5 $16) 13. f5 $40) (10... Be4 11. O-O Bxc3 12. bxc3 a6 (12... Ne7 13. f5 O-O 14. f6 {This  looks rather dangerous for Black.} Ng6 15. fxg7 Kxg7 16. Bxd7 Qxd7 17. Bg5 $36 {Shabalov-Macieja, playchess.com 2004}) 13. Bd3 {(Serra Pages-Quintas Galeano, ESP 1999)} (13. Bxd7+ Qxd7 14. f5 Ne7) 13... Rc8 $132) 11. Bf2 Qh3 12. Bg3 Nh6 $132) (9. h4 h5 10. a3 Bxc3+ 11. bxc3 a6 12. Rb1 Qc7 13. c4 Ne7 $15 {and White's  structure is in ruins, Paragua-Liang Chong, Tagaytay City 2004.}) (9. f4 Ne7 10. Bg2 h5 11. f5 exf5 12. gxf5 Bxf5 13. O-O Bg4 14. Qd3 Nbc6 {½-½ Conquest-Magem Badals, Pamplona 2004}) 9... Nd7 (9... Ne7 10. a3 Ba5 11. Ndb5 (11. f4 O-O (11... Be4 12. Rg1 O-O) 12. Bg2 Nbc6 13. O-O Nxd4 14. Bxd4 Nc6 $15 {and White had no time for f4-f5.}) 11... O-O 12. Bg2 Nbc6 13. f4 {(Van der Weide-Yevseev, Cappelle la Grande 2006)} f6 $132) 10. a3 (10. Bb5 {is less logical than before.} Rc8 11. O-O h5 $1 $15) (10. f4 $5 {is the other critical continuation.} Nh6 $5 (10... Qh4+ 11. Bf2 Qxg4 12. Rg1 Qh5 {Black has won the g  but lost a couple of tempi.} 13. a3 $44) (10... Be4 11. Rg1 a6 (11... Rc8 12. Ndb5 a6 {(Aswin-Wojtaszek, Kochin 2004)} 13. Nd6+ Bxd6 14. exd6 Qh4+ 15. Bf2 Qxh2 16. Nxe4 dxe4 17. O-O-O $16) 12. a3 Bxc3 13. Qxc3 Qh4+ 14. Rg3 $14) (10... Nc5 11. Bb5+ Kf8 12. O-O $16) 11. h3 Be4 12. Rg1 O-O $13) 10... Qa5 $5 {} (10... Bxc3 11. Qxc3 Rc8 12. Qb4 Nxe5 13. Qxb7 (13. Nb5 $6 {is strongly met by} a5 $1 $17 (13... Rxc2 {is not so impressive:} 14. Nd6+ Kd7 15. Nxb7 Nf3+ 16. Kd1)) 13... Nf6 14. Bf4 (14. Bb5+ Kf8 $13) 14... Nfd7 (14... Be4 15. Bxe5 Bxh1 16. Bb5+ $16) 15. Bxe5 Nxe5 16. Bb5+ Kf8 $13) (10... Ba5 $5 $13) 11. Rb1 $6 {doesn't seem to be a successful improvement.} (11. Bb5 $142 Bxc3 12. bxc3 $1 (12. Bxd7+ $6 {solving the pin deliberately cannot be good.} Kxd7 13. bxc3 Rc8 14. O-O (14. Rb1 b6 15. Rb3 h5 16. g5 Ne7 $15) 14... Qxc3 $17 {and Black has a healthy extra , while his  in the  cannot be attacked, Shirov-Grischuk, Dubai 2002 CBM 089.}) 12... Rc8 13. Rb1 Rc7 (13... b6 14. Rb4 $1) 14. Rb4 $1 (14. c4 Qxd2+ 15. Bxd2 dxc4 16. Bb4 Be4 17. O-O $13) 14... Qxa3 15. Ra4 {} Qxc3 16. Rxa7 Qxd2+ 17. Bxd2 Ne7 $14) (11. f4 $5 Be4 12. Rg1 Ne7 (12... Bxc3 13. bxc3) 13. Ndb5 O-O 14. Nd6 $13) 11... Bxc3 12. bxc3 a6 $15 {Black is not afraid of xb7.} 13. Rxb7 (13. f4 Be4 14. Rg1 Qc7 15. Bd3 Ne7 16. Ne2 Bxd3 17. cxd3 h5 18. h3 hxg4 19. hxg4 g5 $5 $15 {completely ruining White's  structure.} (19... Rh2 20. Bf2 O-O-O 21. Bg3 Rhh8 {½-½ Van Oosterom-Delemarre, Boeblingen 2004})) 13... Qxa3 14. c4 $146 (14. Rxd7 Kxd7 15. c4 $44 Rb8 16. cxd5 Rb1+ 17. Ke2 {Both kings look rather odd.} exd5 18. Bg2 Rxh1 19. Bxh1 Ne7 20. f4 h5 $1) ({RR} 14. Bg2 Nxe5 15. O-O Nf6 16. Bg5 O-O 17. Bxf6 gxf6 18. h4 Nxg4 19. Bh3 Ne5 20. h5 Bxh5 21. Qh6 Nf3+ 22. Nxf3 Bxf3 23. Bxe6 Be4 24. Qxf6 Bg6 25. Bxd5 Rac8 26. c4 Qh3 27. Re1 Rxc4 28. Bxc4 Qg4+ {Kotronias,V (2602)-Sundararajan,K (2442) Edinburgh 2003 1-0 (46)}) 14... Nxe5 15. f3 Nf6 16. g5 Nfd7 17. cxd5 O-O {Now the black  is in safety, which cannot be said about his colleague.} 18. dxe6 fxe6 19. Be2 Qa1+ 20. Qc1 Qa5+ 21. Qd2 Qa1+ {Black is happa to take the draw by perpetual.} ({Continuing the fight by} 21... Qd5 $17 {was not against all odds.}) 22. Qc1 Qa5+ 23. Qd2 Qa1+ 24. Qc1 1/2-1/2

[Event "FIDE World Cup"]
[Site "Khanty-Mansiysk"]
[Date "2005.12.07"]
[Round "4.2"]
[White "Carlsen, Magnus"]
[Black "Bareev, Evgeny"]
[Result "1/2-1/2"]
[WhiteElo "2570"]
[BlackElo "2675"]
[Annotator "Finkel,Alexander"]
[PlyCount "69"]
[EventDate "2005.11.27"]
[EventType "k.o."]
[EventRounds "7"]
[EventCountry "RUS"]
[SourceTitle "CBM 111"]
[Source "ChessBase"]
[SourceDate "2006.04.04"]
[SourceVersion "1"]
[SourceVersionDate "2006.04.04"]
[SourceQuality "1"]

1. e4 {Marin,Mihail} e6 2. d4 d5 3. Nc3 Nf6 4. e5 Nfd7 5. f4 c5 6. Nf3 Nc6 7. Be3 a6 8. Qd2 b5 9. a3 Bb7 10. dxc5 {A quite rare move. In most of the cases White preferred to keep the pressure with 10.d3 or 10.e2.} ({RR} 10. g3 Qa5 11. Ra2 Rc8 12. Bg2 b4 13. axb4 Qxb4 14. O-O cxd4 15. Nxd4 Nxd4 16. Bxd4 Bc5 17. Rd1 Bxd4+ 18. Qxd4 Rc4 19. Qf2 O-O 20. Bf1 Rc7 21. Qd4 a5 22. Qxb4 axb4 23. Nb5 Rxc2 24. Nd4 Rcc8 {Ponomariov,R (2704)-Bareev,E (2675) Khanty-Mansiysk 2005 1-0 (57)}) 10... Nxc5 (10... Bxc5) ({RR} 10... Bxc5 11. Bxc5 Nxc5 12. Bd3 b4 13. Ne2 ({RR} 13. axb4 Nxb4 14. Be2) 13... Qb6 14. Qe3 ({RR} 14. Nfd4) 14... d4 15. Nfxd4 Nxd4 16. Qxd4 bxa3 17. Rxa3 Rd8 18. Qe3 Qxb2 19. Qxc5 ({RR} 19. O-O) 19... Qb1+ 20. Kd2 Qxh1 21. Nc3 Qxh2 22. Ra4 Qxg2+ 23. Kc1 Rc8 24. Qb4 Qg1+ 25. Nd1 {Svidler,P (2728)-Morozevich,A (2741) Morelia/Linares 2007 CBM 117 [Marin,Mihail] 0-1}) ({RR} 10... Bxc5 11. Bxc5 Nxc5 12. b4 Ne4 13. Nxe4 dxe4 14. Qxd8+ Rxd8 15. Nd2 Nd4 16. O-O-O e3 17. Nb3 e2 18. Bxe2 Nxe2+ 19. Kb2 Nxf4 20. Nc5 Bxg2 21. Rxd8+ Kxd8 22. Rd1+ Bd5 23. Nxa6 h5 24. c4 bxc4 25. b5 {Londono Lopez,D (2186)-Al Tarbosh,W (2223) chess.com INT 2025 0-1 (63)}) 11. Qf2 $1 {Forcing Black to come to e4.} (11. Rd1 Qc7 12. Qf2 Nd7 13. Bd3 b4 14. axb4 Nxb4 15. O-O Bc5 16. Nd4 g6 17. Kh1 $14 {Guadalpi,D-Letreguilly,O/France 2001}) 11... Ne4 $146 ({RR} 11... Nd7 12. Nd4 Rc8 13. Nxc6 Rxc6 14. Bd4 b4 15. axb4 Bxb4 16. Ra4 Bc5 17. Bd3 Qb6 18. Ne2 Rc7 19. O-O Bxd4 20. Qxd4 Qxd4+ 21. Nxd4 Nc5 22. Ra3 Nxd3 23. Rxd3 g6 24. Rb3 O-O 25. Ra1 Ra8 26. Ra5 {Sadikhov,U (2140)-Mendez,N (1735) Caldas Novas 2011 1-0 (65)}) 12. Nxe4 dxe4 13. Nd2 Ne7 14. c4 $1 {I guess this move was prepared in Carlsen's home lab. In my opinion it poses Black very serious problems so may be it's safer to take with the bishop on c5 on move 10.} (14. O-O-O Qc8 15. g4 Nd5 $1 (15... h5 $2 16. Bg2 hxg4 17. Nxe4 Nf5 18. Bb6 Bd5 19. Nd6+ Bxd6 20. Bxd5 $18 {Plachetka,J-Schmidt,W/Trnava 1984}) 16. Nxe4 Nc3 17. Nxc3 Bxh1 $15 {Hernandez Molina,D-Miranda Pantoja,A/corr 1995}) 14... bxc4 15. Nxc4 ({Another interesting continuation is} 15. Bxc4 $5 Nf5 16. O-O Rc8 17. b4 $36 {, but it's a pity to ''give up'' the darksquared bishop.}) 15... Nd5 16. Bc5 {Intending to bring the knight to d6.} Rc8 17. Bxf8 Kxf8 18. Be2 ({It's too early for} 18. Nd6 $2 e3 19. Qg3 Qa5+ 20. b4 Nxb4 $19) ({Serious attention deserved} 18. Qa7 $5 Bc6 19. Nd6 Rc7 20. Qf2 e3 21. Qg3 $14 Rd7 $140 22. Be2 Qa5+ 23. b4 Nxb4 24. O-O $16 {[%csl Rf8][%cal Ga1b1]}) 18... e3 $8 (18... g6 19. O-O Kg7 20. Nd6 $18) 19. Nxe3 $6 {After the move in the game Black manages to escape. More problems would pose the agressive} (19. Qg3 $5 Rxc4 $1 (19... a5 $6 20. O-O (20. Nd6 $6 Rc2 21. Nxb7 Qc7 $132) 20... Ba6 21. Rac1 $16) 20. Bxc4 Qa5+ 21. b4 Qc7 22. Rc1 (22. Bxd5) 22... Nb6 23. Qxe3 Nxc4 24. Qd4 Bd5 25. f5 $1 $36 {and it's not so easy for Black to coordinate his pieces.}) 19... Nxe3 20. Qxe3 Bxg2 21. Rg1 Bd5 $132 22. Kf2 a5 (22... Rc2 23. Rgc1 Rxb2 24. Qc5+ Kg8 25. Qc8 Rb8 26. Qxd8+ Rxd8 27. Bxa6 $14) 23. Rac1 Rxc1 24. Rxc1 g6 25. f5 {This move leads to a draw almost by force, but also after} (25. b4 axb4 26. axb4 Kg7 27. b5 Qe7 $132 {Black shouldn't have any problems due to the exposed position of the white king.}) 25... Qh4+ (25... exf5 $2 26. Qd4 Kg7 27. Rd1 $18) (25... gxf5 $2 26. Qh6+ Ke7 27. Qf6+ Kd7 28. Bb5+ $18) 26. Qg3 Qxg3+ $11 27. Kxg3 (27. hxg3 gxf5 28. Rc5 (28. Rc8+ Kg7 29. Rxh8 Kxh8 30. b4 axb4 31. axb4 Kg7 32. Ke3 f6 33. Bf3 Bc4 34. Kd4 Ba6 35. Bc6 fxe5+ 36. Kxe5 Kg6 $14) 28... a4 29. Bd1 Kg7 30. Bxa4 f6 31. Rc7+ Kg6 32. exf6 Kxf6 33. Bc6 Bxc6 34. Rxc6 h5 $11) 27... gxf5 28. Rc8+ (28. Rc5 $6 Rg8+) 28... Kg7 29. Rxh8 Kxh8 30. b4 axb4 31. axb4 Kg7 32. b5 (32. Bf3 $4 Bxf3 33. Kxf3 Kf8 34. b5 Ke8 $19) 32... Kf8 33. b6 Ke7 34. Kf4 h6 35. h4 1/2-1/2